| 000 | 00422nam a2200181Ia 4500 | ||
|---|---|---|---|
| 008 | 210210b1957 xxu||||| |||| 00| 0 eng d | ||
| 041 | _aeng | ||
| 082 | _a331/25 | ||
| 100 | _aCHACKO (K C) | ||
| 245 | _aMonetary and fiscal policy | ||
| 260 |
_aBombay _bVora & Co Publishers Pvt Ltd. _c1957 |
||
| 650 | _apolicy | ||
| 650 | _aMonetary | ||
| 650 | _afiscal | ||
| 650 | _aand | ||
| 690 | _aBanking | ||
| 906 | _a003927 | ||
| 999 |
_c121728 _d121728 |
||